Every Overwatch Hero's Favorite Animal - Statistics

General Stats
  • This quiz has been taken 9 times
  • The average score is 19 of 48
Answer Stats
Hint Answer % Correct
Echo Everyone else's
100%
Soldier: 76 Jack Russel Terrier
100%
Orisa Puppy
100%
Pharah Really big dog used to ward off bears.
100%
Mizuki Black Cat
83%
Tracer Falcon
83%
Lucio Frog
67%
Ramattra Ants
50%
Zenyatta Ants
50%
Reaper Any you can eat
50%
Widowmaker Black Widow
50%
Roadhog Pachi
50%
Sierra Pupfish
50%
Freja Stoat
50%
Ana Caracal
33%
Domina Chinchilla
33%
Junker Queen Dingo/Shark
33%
Bastion Elephant
33%
Kirko Fox
33%
Zarya Giant Rabbit
33%
Mauga Hammerhead Shark
33%
Juno Horse
33%
Winston Human
33%
Hanzo Koi
33%
Illari Llama
33%
Torbjorn Moose
33%
Reinhardt Rhino
33%
Ashe Scorpion
33%
Brigitte Siberian Tiger
33%
Doomfist Starling
33%
Cassidy Tapir
33%
Sigma Tardigrade
33%
Baptiste Tiger Shark
33%
Genji Triceratops
33%
Hazard Unicorn
33%
D.va Zergling
33%
Sombra Big Fin Squid
17%
Symmetra Dragonfly
17%
Lifeweaver Elkhorn Coral
17%
Moira Giant Centipede
17%
Junkrat Guinea Pig
17%
Vendetta La Lupa
17%
Sojourn Leopard Seal
17%
Anran Orchid Mantis
17%
Mei Penguin
17%
Venture Scarabs
17%
Mercy Squirrel
17%
Wuyang Stick Bug
17%
No matching quizzes found
Score Distribution
Percent of People with Each Score
Percentile by Number Answered
Your Score History
You have not taken this quiz